000
00239nam a2200097Ia 4500
008
230508s2007 xx 000 0 und d
041
_a
eng
100
_a
IRODOY I E
245
_a
PROBLEM IN GENERAL PHYSICS
260
_b
C B S PUB.
_c
2007
_g
2000
999
_c
728767
_d
728767